[Event "3rd Kolkata GM Open 2018"]
[Site "Kolkata"]
[Date "2018.05.21"]
[Round "8"]
[White "Ravi, Teja S"]
[Black "Neverov, Valeriy"]
[Result "1/2-1/2"]
[WhiteElo "2338"]
[BlackElo "2496"]
[Annotator "TA"]
[PlyCount "58"]
[EventDate "2018.??.??"]
[EventType "swiss"]
[EventCountry "IND"]
[SourceTitle "playchess.com"]
[Source "ChessBase"]
[SourceQuality "1"]

{[%evp 16,58,10,10,36,21,25,24,37,41,47,47,42,-70,0,8,3,-199,-183,-183,-183,-350,-309,-344,-342,-344,-322,-326,26,48,36,-255,45,27,45,39,89,0,175,-1512,306,-755,0,-1764,3060]} 1. Nf3 Nf6 2. d4 g6 3. g3 c5 4. Bg2 Bg7 5. O-O cxd4 6. Nxd4 Nc6 7. c4 {[%cal Bc2c4,Bc4c5][%mdl 32]} Qb6 8. Nb3 {A31: Symmetrical English: 2 Nf3 Nf6 3 d4} d6 9. Nc3 {LiveBook: 13 Games} Be6 (9... O-O 10. Be3 Qb4 11. c5 Rd8 12. cxd6 Rxd6 13. Qc1 Qg4 14. Bf4 Rd8 15. Qe3 Qh5 16. h4 h6 17. Rfd1 Rxd1+ 18. Rxd1 e5 19. Bxc6 exf4 {0-1 (31) Rozum,I (2559)-Bocharov,D (2558) Minsk 2015}) 10. Be3 {White is slightly better.} Qa6 $146 ({Predecessor:} 10... Qc7 11. Nb5 Qb8 12. N3d4 Bd7 13. Rc1 O-O 14. c5 d5 15. Nc3 Nxd4 16. Qxd4 {½-½ (24) Kakkanas,E (2058)-Bozinovic,B (2134) Plovdiv 2008}) 11. c5 d5 12. Nd4 (12. Bxd5 $2 Nxd5 13. Nxd5 O-O-O $19) (12. Nxd5 $2 Bxd5 13. Bxd5 O-O-O $19) 12... O-O 13. Nxe6 fxe6 14. Bh3 (14. a4 $14) 14... d4 ({Better is} 14... Rad8 $1 $15 15. Bxe6+ Kh8) 15. Bxd4 $11 {Black should prevent Be3.} Rad8 $36 {[%mdl 2048] Black has some pressure.} 16. e3 $2 (16. Bxe6+ $11 {and White stays safe.} Kh8 17. Bxf6 Rxf6 18. Qb3) 16... e5 $1 $19 {[%cal Re5d4]} 17. Qb3+ Kh8 18. Nb5 $2 (18. Bxe5 Nxe5 19. Bg2) 18... exd4 19. Nc7 Qe2 $1 20. Ne6 Qh5 21. Bg2 {[#]} d3 $2 (21... Ng4 22. h3 $15) (21... dxe3 $1 $19 22. fxe3 (22. Qxe3 Ng4) 22... Rd2) 22. Nxd8 $11 Nxd8 ({Don't play} 22... Rxd8 $6 23. Qxb7 Ne5 24. c6 $18) 23. Rac1 $2 {[%mdl 8192] [#]} (23. Qxd3 $14 {stays ahead.} Ne6 24. Qa3) 23... Qe5 $2 ({Not} 23... d2 24. Rcd1 $11) (23... Ng4 $1 $19 {[%csl Gg4][%cal Rh5h2]} 24. h4 {[#]} Nxf2 $1 {[%mdl 512]}) 24. Qc3 {[%mdl 1024] White has compensation.} Qe6 25. b3 Bh6 26. Kh1 (26. Qxd3 $16 Nc6 27. Qc4) 26... b6 $2 (26... Qf5 $11 {and Black has nothing to worry.}) 27. Qe5 $4 {[%mdl 8192]} ({Resist} 27. Qxd3 bxc5 28. Rxc5 Nf7 $16) (27. c6 $18) 27... Bxe3 $4 {[%mdl 8192]} (27... Qxe5 $19 {and all is fine.} 28. cxb6 axb6) 28. Qc7 $4 {[%mdl 8192]} (28. Qxe3 $18 Qxe3 29. fxe3) 28... Kg7 $2 (28... Nd5 $19 29. Qxa7 Bxc1 30. cxb6 Nxb6) 29. Qxe7+ $2 {[%mdl 8192]} (29. fxe3 $11 d2 30. Rcd1) 29... Kh6 $4 {[%mdl 40960] Precision: White = 28%, Black = 14%. . An unexpected result.} (29... Qxe7 $19 30. fxe3 d2) 1/2-1/2

[Event "3rd Kolkata GM Open 2018"]
[Site "Kolkata"]
[Date "2018.05.21"]
[Round "8"]
[White "Aradhya, Garg"]
[Black "Harsha Bharathakoti"]
[Result "0-1"]
[WhiteElo "2230"]
[BlackElo "2463"]
[Annotator "TA"]
[PlyCount "98"]
[EventDate "2018.??.??"]
[EventType "swiss"]
[EventCountry "IND"]
[SourceTitle "playchess.com"]
[Source "ChessBase"]
[SourceQuality "1"]

{[%evp 14,98,14,6,6,14,35,18,37,37,37,37,41,20,11,8,16,18,30,0,0,0,0,-41,-36,-51,-34,-32,-44,-39,-44,-75,0,0,0,0,0,0,0,0,0,0,0,0,0,0,0,0,8,0,0,-60,-71,-249,-248,-435,-200,-201,-202,-213,-46,-325,-323,-319,-319,-336,-329,-485,-309,-494,-487,-487,-470,-478,-475,-29991,-29992,-29992,-29991,-29991,-29990,-29993,-29993,-29993,-29994,-29994,-29995]} 1. d4 d5 2. c4 e6 3. Nf3 Nf6 4. Nc3 a6 5. c5 (5. cxd5 exd5 6. Bg5 Be6 7. e3 Nbd7 8. Bd3 Bd6 9. Bf4 Qe7 10. O-O O-O 11. h3 c6 12. Qc2 Rfe8 13. Rae1 g6 {1-0 (40) Aronian,L (2801)-Oleksienko,M (2615) Germany 2018}) 5... b6 6. cxb6 {D37: Damengambit (5.Lf4)} cxb6 7. Bf4 Bb7 8. e3 {LiveBook: 5 Partien. Die Stellung ist ausgeglichen.} Be7 9. Bd3 Nbd7 10. O-O $146 ({Vorgänger:} 10. a4 O-O 11. O-O Ne4 12. Nd2 Ndf6 13. Ncxe4 dxe4 {0-1 (47) Abdyjapar,A (2382)-Ni,H (2671) Riadh 2017}) 10... O-O 11. h3 b5 12. a4 b4 13. Ne2 a5 14. Nc1 Ne4 15. Bb5 Bd6 16. Nd3 Bxf4 17. exf4 Ba6 18. Nde5 Nxe5 19. dxe5 Bxb5 20. axb5 Qb6 21. Nd4 a4 22. Qd3 {[#]} a3 (22... Rfc8 $1 $17 23. Nc6 Rc7) 23. bxa3 $11 Rxa3 24. Rxa3 bxa3 25. Ra1 Qc5 26. Kh2 Nxf2 27. Qe3 Ne4 $36 {[%mdl 2048] Und weiter mit ...Ta8 wäre nett. Schwarz drückt.} 28. Rxa3 h6 29. Ra6 Rb8 30. Rc6 Qb4 31. b6 Nd2 {...Sf1+ ist eine echte Drohung.} ({Jedoch nicht} 31... Rxb6 $2 32. Nc2 $18) 32. Qd3 (32. Qf2 $1 $11) 32... Nc4 $1 $15 33. Nxe6 $2 (33. Qd1 $17 {ist wohl besser.}) 33... fxe6 $19 34. Qg6 $2 (34. Rxe6 Nxb6 35. Qf3) 34... Nxb6 (34... Ne3 $142 35. Rxe6 Qxf4+ 36. Kg1 Rf8) 35. Qxe6+ Kh8 36. Qf7 {[#]} Nd7 $2 ({Lieber} 36... Nc4 $1 $19 {[%cal Rc4e3]} 37. Rg6 Rg8) 37. e6 $2 {[%mdl 8192]} ({Doch nicht} 37. Rc7 Rf8 $17) (37. Rg6 $1 $15 Qf8 38. Qxf8+ Nxf8 39. Rd6) 37... Nf6 38. Qc7 Re8 39. Rb6 Qe1 40. Rb7 (40. Qe5 $142 Qxe5 41. fxe5) 40... Rg8 41. e7 (41. Qe5 {war die einzige Chance.} Qxe5 42. fxe5) 41... Qe4 42. Qe5 Re8 43. Qd6 Kh7 44. g4 (44. Qe5 $19) 44... Qe2+ {Schwarz setzt Matt.} 45. Kg1 Qd1+ 46. Kg2 Qd2+ 47. Kf1 Ne4 {[%csl Ge4][%cal Rd2f2]} 48. Qb6 Rc8 {[%cal Rc8c1]} 49. Rc7 Rxc7 {Precision: Weiß = 39%, Schwarz = 71%.} 0-1

[Event "3rd Kolkata GM Open 2018"]
[Site "Kolkata"]
[Date "2018.05.21"]
[Round "8"]
[White "Manigandan, S S"]
[Black "Sundararajan, Kidambi"]
[Result "1/2-1/2"]
[WhiteElo "2128"]
[BlackElo "2434"]
[Annotator "TA"]
[PlyCount "108"]
[EventDate "2018.??.??"]
[EventType "swiss"]
[EventCountry "IND"]
[SourceTitle "playchess.com"]
[Source "ChessBase"]
[SourceQuality "1"]

{[%evp 19,108,-4,-2,11,17,21,17,17,17,19,27,15,15,30,17,22,44,34,37,22,56,45,52,55,71,31,41,37,37,26,36,26,45,53,60,60,72,65,72,73,68,0,0,0,4,-268,-278,-263,-248,-278,-252,-274,-142,-132,-142,-126,-99,-99,-99,-99,-99,-100,-13,-80,0,0,0,0,0,0,0,0,0,0,0,0,0,0,0,0,0,0,0,0,0,0,0,0,0,0,0]} 1. d4 e6 2. c4 b6 3. Nf3 Bb7 4. Nc3 Bb4 5. Bd2 Nf6 6. g3 c5 {E21: Nimzoindisch (4.Sf3)} (6... Bxc3 7. Bxc3 Ne4 8. Rc1 d5 9. Bg2 O-O 10. O-O Nxc3 11. Rxc3 dxc4 12. Rxc4 Bd5 13. Rc3 a5 14. Qc2 {½-½ (59) Mamedyarov,S (2809)-Morozevich,A (2665) Moscow 2018}) 7. a3 Bxc3 8. Bxc3 Ne4 9. Rc1 O-O 10. Bg2 d6 {LiveBook: 4 Partien} 11. O-O f5 12. Qd3 $146 ({Vorgänger:} 12. b3 Nd7 13. Bb2 Qe7 14. Qc2 Rac8 15. dxc5 bxc5 16. Nd2 {½-½ (44) Marinakis,H (1945)-Ballas,A (1951) Chania 2018}) 12... Nd7 {[%cal Bb8d7,Bd7e5,Be5f3,Bf3g5,Bg5e4][%mdl 32]} 13. Nd2 {[%cal Rd2e4]} cxd4 14. Nxe4 dxc3 15. Nxc3 Bxg2 16. Kxg2 Ne5 17. Qd4 Qe7 18. Rfd1 Rad8 19. Nb5 {[#]} f4 $1 {[%mdl 512]} 20. Qe4 (20. gxf4 Ng6) 20... f3+ 21. exf3 Nxf3 {Droht stark ...Sg5.} 22. Rc3 Ng5 23. Qg4 d5 24. f4 Ne4 25. Re3 Qf6 26. Nd4 Rde8 {Mit der Idee ...e5.} 27. cxd5 exd5 28. Qd7 Qf7 29. Qxf7+ Rxf7 30. Nb5 (30. Nf3 $14) 30... g5 $1 $36 {[%mdl 2048] Schwarz hat Initiative.} 31. Rxd5 gxf4 32. Rg5+ $2 {[%mdl 8192]} (32. gxf4 $11 {und Weiss muss sich keine Sorgen machen.} Rxf4 33. Nc3 Rf2+ 34. Kg1) 32... Kf8 $19 33. Rxe4 Rxe4 {[%mdl 4096] Endspiel KTT-KTS} 34. Nd6 Re2+ 35. Kf1 Rxb2 ({Lieber} 35... Rfe7 $19 36. Rf5+ Kg7 37. Rxf4 Re1+ 38. Kg2 R7e2+ 39. Kh3 Rxb2 40. Nf5+ Kf6 41. Nd4+ Kg7 42. Rg4+ Kh8) 36. Nxf7 $17 Kxf7 $19 {KT-KT} 37. Rf5+ Kg6 38. Rxf4 Rxh2 39. Rd4 Ra2 40. a4 Rb2 ({Besser ist} 40... a5 $17 {Schwarz will ...Kg5 spielen.} 41. Rd6+ Kg5 42. Rxb6 Rxa4) 41. a5 (41. Rd6+ $11 {hält das Gleichgewicht.} Kg5 42. Rd7) 41... h5 (41... Rb5 $17 42. axb6 axb6) 42. Rd7 $11 {Die Stellung ist ausgeglichen.} bxa5 {[#] ...a4 ist eine echte Drohung.} 43. Rd6+ $1 Kf7 44. Rd5 $1 a4 {Weiss muss nun ...a3 beachten.} 45. Ra5 $1 Kg6 46. Rxa4 Rb7 47. Ra5 Rh7 48. Kg2 Kf6 49. Kh3 Ke6 50. Kh4 Kf6 51. Kh3 Ke6 52. Kh4 Kd6 53. Kg5 Kc6 54. Kg6 Rb7 {Precision: Weiß = 73%, Schwarz = 41%.} 1/2-1/2

[Event "3rd Kolkata GM Open 2018"]
[Site "Kolkata"]
[Date "2018.05.22"]
[Round "9"]
[White "Short, Nigel D"]
[Black "Erigaisi Arjun"]
[Result "1/2-1/2"]
[WhiteElo "2656"]
[BlackElo "2488"]
[Annotator "TA"]
[PlyCount "78"]
[EventDate "2018.??.??"]
[EventType "swiss"]
[EventCountry "IND"]
[SourceTitle "playchess.com"]
[Source "ChessBase"]
[SourceQuality "1"]

{[%evp 17,78,-6,41,-18,-12,-38,-25,-38,-37,-33,-7,0,-5,-5,-7,-16,26,0,18,27,27,36,27,0,0,0,14,14,12,5,12,8,0,-18,-18,-18,-13,-20,-10,-12,0,0,0,0,0,-15,0,0,0,-8,0,0,0,0,0,0,0,0,0,0,0,0,0]} 1. Nf3 d5 2. g3 Bg4 3. Bg2 Nd7 4. c4 e6 5. cxd5 exd5 6. h3 {A07: Réti Opening: New York and Capablanca Systems} Bh5 7. Nc3 c6 8. O-O Ngf6 9. d3 Bd6 {LiveBook: 26 Games} 10. Be3 $146 (10. e4 $14) ({Predecessor:} 10. e4 O-O 11. g4 Bg6 12. Nh4 Nxe4 13. dxe4 Qxh4 14. exd5 c5 15. Nb5 Bb8 16. d6 a6 {½-½ (46) Oparin,G (2616)-Shirov,A (2673) Moscow 2016}) 10... O-O $11 11. Qd2 Re8 12. Rfe1 Nf8 13. Rac1 Bc7 {[#] Strongly threatening ...Bxf3.} 14. Na4 Ne6 15. Nd4 Nd7 16. b4 a6 17. a3 Bg6 18. Nxe6 Rxe6 19. Bd4 h5 20. Rb1 b5 {The position is equal.} 21. Nc3 Bb6 22. Bxb6 Qxb6 23. Rbc1 Rae8 24. e4 dxe4 $1 25. dxe4 Ne5 26. Qe3 Qxe3 27. Rxe3 Nc4 28. Re2 f5 29. exf5 Bxf5 30. Rxe6 Rxe6 31. a4 Ne5 32. axb5 axb5 33. Na2 Kf8 34. Rc5 {[#] Threatens to win with f4.} g6 35. Nc1 Ke7 36. Nb3 {Black must now prevent Nd4.} Nd3 37. Rxc6 Rxc6 38. Bxc6 Nxb4 39. Bxb5 Bxh3 {Precision: White = 54%, Black = 48%.} 1/2-1/2

[Event "3rd Kolkata GM Open 2018"]
[Site "Kolkata"]
[Date "2018.05.22"]
[Round "9"]
[White "Gupta, Abhijeet"]
[Black "Burmakin, Vladimir"]
[Result "*"]
[WhiteElo "2619"]
[BlackElo "2528"]
[Annotator "TA"]
[PlyCount "44"]
[EventDate "2018.??.??"]
[EventType "swiss"]
[EventCountry "IND"]
[SourceTitle "playchess.com"]
[Source "ChessBase"]
[SourceQuality "1"]

{[%evp 12,44,10,2,50,45,50,35,41,36,45,46,52,51,53,51,46,43,55,18,15,10,33,35,39,29,17,23,30,21,74,42,74,34,66]} 1. d4 Nf6 2. c4 c6 3. Nc3 d5 4. Nf3 a6 5. Qc2 g6 6. e4 {D15: Slav Defence: 4 Nc3 a6 and gambit lines after 4 Nc3 dxc4} dxe4 7. Nxe4 {LiveBook: 19 Games} Bf5 $146 ({Predecessor:} 7... Bg7 8. Be2 O-O 9. O-O Bf5 10. Nxf6+ Bxf6 11. Qb3 Qc7 12. h3 c5 13. d5 {1-0 (36) Grischuk,A (2795)-Morozevich,A (2724) Moscow 2014}) 8. Bd3 Nbd7 9. O-O {aiming for Nxf6+.} Bxe4 10. Bxe4 Bg7 {[%cal Bf8g7,Bg7f6,Bf6e7][%mdl 32]} 11. Re1 O-O 12. Bd3 Re8 13. Bf4 Nh5 {[%cal Bf6h5,Bh5g7,Bg7e6][%mdl 32]} 14. Bg5 Bf6 15. Bd2 e5 16. g4 {[%cal Bg2g4,Bg4g5][%mdl 32]} Ng7 17. g5 $36 {[%mdl 2048] White fights for an advantage.} Be7 18. dxe5 Ne6 19. h4 Ndc5 20. Be4 Nxe4 (20... Qc8 $11) 21. Rxe4 Qd7 22. Bc3 Red8 {Precision: White = 77%, Black = 44%.} *

[Event "3rd Kolkata GM Open 2018"]
[Site "Kolkata"]
[Date "2018.05.22"]
[Round "9"]
[White "Karthikeyan, Murali"]
[Black "Khusenkhojaev, Muhammad"]
[Result "1-0"]
[WhiteElo "2617"]
[BlackElo "2456"]
[Annotator "TA"]
[PlyCount "103"]
[EventDate "2018.??.??"]
[EventType "swiss"]
[EventCountry "IND"]
[SourceTitle "playchess.com"]
[Source "ChessBase"]
[SourceQuality "1"]

{[%evp 26,103,8,3,48,46,60,24,27,15,16,20,19,20,18,10,32,0,0,0,0,0,0,0,0,0,0,0,0,0,0,0,0,0,-5,-7,0,-6,0,0,93,35,120,127,482,482,451,379,338,222,222,49,50,53,48,81,67,60,39,34,34,0,70,70,70,70,535,443,310,302,304,295,688,681,700,616,1303,1257,29984,29985]} 1. e4 e5 2. Nf3 Nc6 3. Bb5 {[%cal Bf1b5,Bb5a4,Ba4b3][%mdl 32]} a6 4. Ba4 Nf6 5. O-O Be7 6. Re1 b5 7. Bb3 d6 8. c3 O-O 9. h3 Nb8 10. d4 Nbd7 11. c4 c6 {[%cal Bc7c6,Bc6c5][%mdl 32]} 12. Nc3 b4 {C95: Closed Ruy Lopez: Breyer Variation with 10 d4} 13. Na4 c5 14. d5 {[#] LiveBook: 11 Games} Kh8 $146 {The position is equal.} ({Predecessor:} 14... Re8 15. a3 a5 16. Bc2 Nf8 17. b3 Ng6 18. Nb2 Bd7 19. Be3 h6 20. Ra2 {0-1 (48) Vallejo Pons,F (2684)-Carlsen,M (2850) Berlin 2015}) 15. Bc2 Ng8 {[%cal Bf6g8,Bg8e7,Be7g6,Bg6e5][%mdl 32]} 16. Nh2 Bg5 17. b3 a5 18. a3 Bxc1 19. Qxc1 Ne7 20. Nb2 Rb8 21. Nd3 f5 22. f4 fxe4 23. Rxe4 {[%cal Rf4e5]} Ng6 24. axb4 axb4 25. fxe5 Ndxe5 26. Nxe5 Nxe5 27. Qe3 Ng6 {And now ...Bf5 would win.} 28. g4 Bd7 29. Nf3 Qf6 30. Rf1 $1 Ra8 31. Qd3 Ra2 32. Re2 Rb2 (32... Kg8 $11 {keeps the balance.}) 33. Ref2 (33. Nd2 $16 Qd8 34. Rxf8+ Qxf8 35. Rf2) 33... Qe7 {[#]} ({Better is} 33... Kg8 $14) 34. Nh4 $1 $16 {[%mdl 512]} Rxf2 $4 {[%mdl 8192]} (34... Rf6 $16 {is a better chance.}) (34... Qxh4 35. Rxf8+) 35. Nxg6+ $18 hxg6 36. Rxf2 Be8 37. Re2 Qd8 {[#]} 38. Qf3 $2 (38. h4 $1 $18) 38... Kg8 $1 $14 39. h4 $40 {[%mdl 128] White attacks.} Bd7 40. g5 Qf8 41. Qxf8+ Kxf8 {[%mdl 4096] Endgame KRB-KRB} 42. Rf2+ Kg8 43. Kg2 Be8 ({Black should try} 43... Bg4 $1 $11) 44. Kg3 Ra2 45. h5 $1 Ra7 $2 {[%mdl 8192]} (45... Bf7 $14) 46. Re2 Kf8 47. h6 ({Weaker is} 47. Bxg6 Bxg6 48. hxg6 Re7 $16) ({Not} 47. hxg6 Ra2 $16) 47... gxh6 48. gxh6 Bf7 $2 (48... Ra1 49. Kg2 Bf7) 49. Rf2 $18 Kg8 50. Kg4 Kh7 {[#]} 51. Kg5 $1 Re7 {[#]} 52. Rxf7+ $1 {[%mdl 512] Precision: White = 64%, Black = 39%.} 1-0

[Event "3rd Kolkata GM Open 2018"]
[Site "Kolkata"]
[Date "2018.05.22"]
[Round "9"]
[White "Amonatov, Farrukh"]
[Black "Neelotpal, Das"]
[Result "1-0"]
[WhiteElo "2608"]
[BlackElo "2452"]
[Annotator "TA"]
[PlyCount "93"]
[EventDate "2018.??.??"]
[EventType "swiss"]
[EventCountry "IND"]
[SourceTitle "playchess.com"]
[Source "ChessBase"]
[SourceQuality "1"]

{[%evp 24,93,-10,-34,0,-11,-11,-28,2,10,8,0,0,0,3,0,0,0,0,-13,16,18,18,15,13,18,14,11,12,0,27,16,13,15,26,25,57,26,28,0,0,0,8,0,0,0,18,10,10,10,10,10,10,10,43,18,59,59,62,60,60,69,68,61,88,54,139,142,282,297,747,739]} 1. e4 e5 2. Nf3 Nc6 3. Bb5 {[%cal Bf1b5,Bb5a4,Ba4b3][%mdl 32]} a6 4. Ba4 Nf6 5. O-O Be7 6. Qe2 b5 7. Bb3 O-O 8. c3 d5 9. d3 h6 10. Nbd2 Re8 11. Re1 Bf8 12. Nf1 Bb7 13. Ng3 {LiveBook: 14 Games. C86: Closed Ruy Lopez: Worrall Attack} Qd7 (13... Na5 14. Bc2 c5 15. a3 c4 16. dxc4 Nxc4 {½-½ (36) Istratescu,A (2628)-Fressinet,L (2693) Le Port Marly 2012}) 14. Nh4 Ne7 $146 ({Predecessor:} 14... Na5 15. Bc2 dxe4 16. dxe4 Qg4 17. Nf3 g6 18. b4 Nc4 19. Bb3 c5 20. Bxc4 bxc4 21. bxc5 Rac8 22. Rb1 Rc7 23. Rb6 Nd7 24. h3 {1-0 (24) Maze,S (2564)-Hagen,A (2412) Reykjavik 2015}) 15. Qf3 {The position is equal.} Qg4 16. Qxg4 Nxg4 17. Nf3 dxe4 $1 18. Nxe4 Ng6 19. a4 Be7 20. Be3 Nxe3 21. fxe3 Kf8 22. Rf1 {[#] Black must now prevent Nfg5!} f6 23. h4 Bxe4 24. dxe4 {Threatening Bd5.} Bc5 25. Kf2 Rab8 26. Rfb1 Nf4 (26... Red8 $5 {[%cal Rd8d3]}) 27. axb5 axb5 28. g3 Ne6 29. Ke2 c6 30. h5 (30. Bxe6 $5 Rxe6 31. Rd1 $11) 30... Ng5 31. Nh4 {[%cal Rh4g6]} Red8 32. Bc2 Rd7 33. Rd1 Rxd1 34. Rxd1 Ke8 35. Nf5 Bf8 36. Ra1 $36 {[%mdl 2048] White is pushing.} c5 37. Ra7 Ne6 38. Kd2 c4 39. b3 Rd8+ 40. Ke2 {And now bxc4 would win.} Rd7 41. Ra5 {Threatens to win with bxc4.} Rb7 42. bxc4 bxc4 43. Ba4+ Kd8 $1 44. Bb5 Kc7 (44... Rc7 $14) 45. Bxc4 $16 Ng5 {[#]} (45... Rb2+ $16 {might work better.} 46. Kd1 Nc5) 46. Bd5 $1 $18 Kb6 $2 (46... Rb8 47. Ra7+ Kb6) 47. Ra8 {Precision: White = 48%, Black = 40%.} 1-0

[Event "3rd Kolkata GM Open 2018"]
[Site "Kolkata"]
[Date "2018.05.22"]
[Round "9"]
[White "Aravindh, Chithambaram VR"]
[Black "Roy Chowdhury, Saptarshi"]
[Result "1-0"]
[WhiteElo "2597"]
[BlackElo "2338"]
[Annotator "TA"]
[PlyCount "149"]
[EventDate "2018.??.??"]
[EventType "swiss"]
[EventCountry "IND"]
[SourceTitle "playchess.com"]
[Source "ChessBase"]
[SourceQuality "1"]

{[%evp 9,149,34,43,12,15,10,10,11,36,11,41,43,50,48,42,39,50,39,56,55,89,81,91,68,98,93,92,92,86,81,128,102,151,98,121,66,152,17,58,26,26,24,25,25,24,18,25,27,27,30,35,26,40,37,39,37,58,51,52,38,35,34,29,27,29,0,0,0,47,0,17,0,0,0,16,15,24,0,19,0,59,19,56,15,30,19,46,8,8,10,8,8,15,15,15,0,0,0,0,0,0,0,96,13,18,20,56,13,7,0,56,56,56,56,56,56,56,56,56,56,56,56,242,56,56,19,36,12,13,0,0,0,0,0,310,310,305,303,301,296,442,368]} 1. Nf3 Nf6 2. g3 d6 3. d4 c6 4. Bg2 Bf5 5. O-O h6 {LiveBook: 11 Partien} 6. b3 {A46: Damenbauernspiele} (6. c4 Nbd7 7. Nc3 Ne4 8. Bd2 Nxd2 9. Qxd2 e5 10. Rfd1 Qc7 11. c5 Rd8 12. cxd6 Bxd6 {½-½ (48) Tran,T (2549)-Yudin,S (2517) Samara 2017}) 6... Nbd7 7. Bb2 e6 8. c4 {Die Stellung ist ausgeglichen.} Be7 9. Nc3 O-O 10. d5 $146 ({Vorgänger:} 10. Nd2 e5 11. d5 c5 12. e4 Bg6 13. f4 Bh5 14. Qe1 exf4 15. gxf4 {1-0 (42) Campbell,R (2051)-Young,R (2371) Saratoga Springs 1993}) 10... cxd5 11. cxd5 e5 12. Nd2 Bh7 13. e4 Nc5 14. Qe2 a5 15. Ba3 Nfd7 16. Bh3 f5 17. Bxf5 Bxf5 18. exf5 Rxf5 19. Nc4 Qf8 20. Nb5 Rf6 21. Rac1 (21. Rae1 $142 $1) 21... b6 22. Bb2 (22. Bxc5 $16 bxc5 23. Qg4) 22... Rg6 (22... g5 $14) 23. Nc7 ({Besser ist} 23. Rce1 $16) 23... Rc8 $11 24. Ne6 Nxe6 25. dxe6 Rxe6 26. Qg4 Qf6 27. f4 d5 28. Nxe5 Rxc1 29. Rxc1 Bc5+ 30. Kg2 Nxe5 31. Bxe5 Qf7 32. Rd1 (32. Bxg7 $2 Rg6 $19) 32... Re7 33. Qf3 Rd7 34. Rd3 Qe6 35. h4 Rd8 36. h5 d4 37. Qe4 Qg4 38. Qf3 Qe6 39. a4 Qd7 40. Qe4 Qg4 41. Qf3 (41. Bxd4 Qd7 $17) 41... Qd7 42. g4 Qe6 43. Kg3 Re8 44. Qb7 {[%csl Ge5][%cal Rb7g7]} ({Nur nicht} 44. Bxd4 $2 Bxd4 45. Qd1 (45. Rxd4 $2 Qe1+ 46. Kh2 Re2+ 47. Kh3 Re3 $19) 45... Bc5 $19) 44... Re7 (44... Be7 $11) 45. Qa8+ Re8 46. Qf3 Qd7 47. Qe4 Re7 48. Kh3 Qe6 49. Qa8+ Re8 $132 {[%mdl 2048] Schwarz is not keeping still} 50. Qf3 Qd7 51. Qe4 Re7 52. Rg3 Qe6 53. Qa8+ Re8 54. Qb7 {[%csl Ge5][%cal Rb7g7]} Re7 $1 {[%cal Re7b7]} 55. Qf3 Qf7 {[#]} (55... Rd7 $11 {hält das Gleichgewicht.} 56. Qa8+ Kf7) 56. Qa8+ (56. g5 $1 $16 {[%cal Rg5h6] zielt auf gxh6 ab.} Qf5+ 57. Qg4) 56... Re8 57. Qc6 Kh7 58. Qe4+ Kg8 59. Qc6 Kh7 60. Kg2 {g5 ist eine echte Drohung.} Kg8 61. Rd3 Rd8 62. Kf3 Qe7 63. Kg3 Rd6 64. Qe4 Rd8 65. Qg6 Qd7 $2 {[#]} (65... Rd7 $14) 66. Kh3 $2 ({Weiss braucht} 66. g5 $1 $18 {[%cal Rg5h6]} hxg5 67. Qxg5) 66... Rf8 $14 67. Kh2 Rf7 68. Rg3 Be7 69. Qxb6 Bh4 70. Rg2 (70. Qxd4 $2 Qxd4 71. Bxd4 Bxg3+ 72. Kxg3 Rb7 $19) ({Doch nicht} 70. Qxa5 Bxg3+ 71. Kxg3 d3 $17) 70... d3 {Droht stark ...d2.} 71. Qxa5 {Droht Dd2 und aus.} Qe6 $2 {[%mdl 8192]} (71... Bf6 $1 $11) 72. g5 $18 hxg5 73. Qd8+ ({Nicht} 73. fxg5 d2 $11) 73... Rf8 74. Qxd3 Rc8 (74... Rf5 {ist wohl besser.}) 75. Qg6 {Precision: Weiß = 45%, Schwarz = 55%.} 1-0

[Event "3rd Kolkata GM Open 2018"]
[Site "Kolkata"]
[Date "2018.05.22"]
[Round "9"]
[White "Rozum, Ivan"]
[Black "Das, Sayantan"]
[Result "1-0"]
[WhiteElo "2581"]
[BlackElo "2437"]
[Annotator "TA"]
[PlyCount "61"]
[EventDate "2018.??.??"]
[EventType "swiss"]
[EventCountry "IND"]
[SourceTitle "playchess.com"]
[Source "ChessBase"]
[SourceQuality "1"]

{[%evp 11,61,23,43,38,44,44,94,93,75,15,16,29,25,-47,-64,-45,-50,-55,60,0,0,0,0,0,0,0,0,0,219,212,216,23,19,-4,-14,-14,-7,-149,-157,-453,417,425,400,403,671,650,814,812,793,768,1825,1788]} 1. Nf3 d5 2. e3 Nf6 3. c4 c6 4. Nc3 a6 5. d4 Bf5 6. c5 {D15: Damengambit (Slawische Verteidigung)} (6. Qb3 Ra7 7. Nh4 Bc8 8. Qc2 e6 9. Nf3 Be7 10. e4 dxe4 11. Nxe4 Nbd7 12. Bd3 Nxe4 13. Bxe4 Nf6 14. Bd3 {1-0 (34) Ding,L (2778)-Shankland,S (2671) Liaocheng 2018}) 6... Nbd7 {LiveBook: 8 Partien} 7. Nh4 Bg4 8. f3 $146 {Weiß steht etwas besser.} ({Vorgänger:} 8. Qb3 Rb8 9. h3 Bh5 10. g4 Bg6 11. Bg2 e6 12. Nxg6 hxg6 {0-1 (39) Preziuso,T (2122)-Gantner,M (2297) Flims 2012}) 8... Bh5 9. g4 Bg6 10. b4 (10. g5 $16) 10... e5 $11 11. g5 Bh5 12. gxf6 (12. Be2 $1 $11) 12... Qxf6 $15 13. Ng2 Bxf3 14. Qd2 O-O-O ({Lieber} 14... a5 $15 15. bxa5 Be7) 15. Qf2 (15. Bb2 $14) 15... exd4 16. exd4 {[#]} Nxc5 $1 {[%mdl 512]} 17. bxc5 Bxc5 18. Ne2 Rhe8 {Und ...Lxd4 würde nun gewinnen.} 19. Be3 Re4 $2 (19... Bb4+ $11 20. Bd2 Bxd2+ 21. Kxd2 Re4) 20. Rb1 $18 Rde8 21. Rb3 $2 (21. dxc5 $18 {Schwarz muss nun Kd2 beachten.} d4 22. Ng3 (22. Bxd4 Rxd4 23. Ne3 Rd3 $11) (22. Bg5 $2 Qf5 $17) 22... Rxe3+ 23. Nxe3 Rxe3+ 24. Be2 Bxh1 25. Nxh1) 21... a5 $1 $11 {[%cal Ba6a5,Ba5a4][%mdl 32] Droht ...Lb4+ und aus.} 22. a3 a4 23. Rd3 Bb6 {Droht stark ...c5!} 24. Rg1 {[#]} (24. Kd2 $11 {bleibt in der Remisbreite.}) 24... c5 $1 $17 {[%mdl 512] Und weiter mit ...La5+ wäre nett.} 25. Ngf4 $2 (25. Kd2 $17 {war nötig.}) (25. dxc5 Qa1+) 25... c4 $4 {[%mdl 8192]} (25... Ba5+ $19 {und Schwarz kann entspannen.} 26. Bd2 Rxf4) 26. Nxd5 $18 Ba5+ 27. Bd2 Bxd2+ (27... Rxe2+ $142 28. Bxe2 Bxd5 29. Qxf6 gxf6) 28. Rxd2 {Weiß steht klar auf Gewinn.} Qe6 29. Qxf3 {zielt auf Lh3 ab.} Qxd5 30. Bg2 Qd7 31. Bh3 {Precision: Weiß = 30%, Schwarz = 48%.} 1-0